[Event "LYM - Open Général"]
[Site "Lausanne - Hôtel Alpha Palmier"]
[Date "2003.09.21"]
[Round "5"]
[White "Starostits, Imars"]
[Black "Ermeni, Avni"]
[Result "1-0"]
[WhiteElo "2431"]
[BlackElo "2237"]
[PlyCount "67"]

1. e4 Nf6 2. e5 Nd5 3. d4 d6 4. Nf3 g6 5. Bc4 c6 6. O-O Bg7 7. h3 O-O 8. Qe2 h6
9. Bb3 a5 10. c4 Nb6 11. Nc3 a4 12. Bc2 dxe5 13. dxe5 Be6 14. Rd1 Qc7 15. c5
N6d7 16. Nxa4 Bd5 17. Bf4 Na6 18. Nc3 Bxf3 19. Qxf3 Nxe5 20. Qe3 Nc4 21. Qe4 e5
22. Bxh6 Nxb2 23. Bxg7 Kxg7 24. Rd6 Qe7 25. Rxg6+ fxg6 26. Qxg6+ Kh8 27. Qh6+
Kg8 28. Bb3+ Rf7 29. Ne4 Nxc5 30. Nxc5 b5 31. Qg6+ Kf8 32. Ne6+ Ke8 33. Ng5 Nc4
34. Nxf7 1-0

[Event "LYM - Open Général"]
[Site "Lausanne - Hôtel Alpha Palmier"]
[Date "2003.09.21"]
[Round "5"]
[White "Lamoureux, Charles"]
[Black "Bagri, Jas Paul"]
[Result "1-0"]
[WhiteElo "2388"]
[BlackElo "2145"]
[PlyCount "79"]

1. Nf3 Nf6 2. d4 b6 3. Bf4 Bb7 4. e3 g6 5. h3 Bg7 6. c3 d6 7. Nbd2 Nbd7 8. Be2
O-O 9. O-O c5 10. Bh2 a6 11. a4 Rc8 12. Re1 Qc7 13. Bf1 Rfe8 14. Nc4 Ne4 15.
Nfd2 Nxd2 16. Qxd2 Qb8 17. d5 b5 18. axb5 axb5 19. Na5 c4 20. e4 Nb6 21. Be2
Ba8 22. f4 Na4 23. Kh1 Nc5 24. Bf3 Qc7 25. e5 Nd3 26. e6 f5 27. Re2 b4 28. cxb4
Nxb2 29. Bg1 c3 30. Qc2 Rb8 31. Nc6 Bxc6 32. dxc6 d5 33. Bxd5 Qd6 34. Bf3 Rxb4
35. Ra7 Nc4 36. Rd7 Qxf4 37. Bh2 Na3 38. Bxf4 Nxc2 39. c7 Nd4 40. Rd8 1-0

[Event "LYM - Open Général"]
[Site "Lausanne - Hôtel Alpha Palmier"]
[Date "2003.09.22"]
[Round "5"]
[White "Huss, Andreas"]
[Black "Du Bois, Yves"]
[Result "1-0"]
[WhiteElo "2331"]
[BlackElo "2136"]
[PlyCount "65"]

1. d4 Nf6 2. Nf3 g6 3. c4 Bg7 4. Nc3 d5 5. cxd5 Nxd5 6. e4 Nxc3 7. bxc3 c5 8.
Rb1 O-O 9. Be2 Nd7 10. O-O Qc7 11. Bg5 Nf6 12. Bd3 b6 13. Qe2 h6 14. Be3 c4 15.
Bc2 Bb7 16. d5 Nd7 17. Qd2 Kh7 18. Bf4 Ne5 19. Nxe5 Bxe5 20. Bxh6 Bxh2+ 21. Kh1
Be5 22. Bxf8 Bf4 23. Qe2 Rxf8 24. g3 Be5 25. Qf3 Kg7 26. Kg2 f5 27. Rh1 e6 28.
dxe6 fxe4 29. Rh7+ Kg8 30. Qxf8+ Kxf8 31. Rxc7 Bxc7 32. Re1 e3+ 33. f3 1-0

[Event "LYM - Open Général"]
[Site "Lausanne - Hôtel Alpha Palmier"]
[Date "2003.09.22"]
[Round "5"]
[White "Vianin, Pascal"]
[Black "Kaenel, Hansjuerg"]
[Result "1-0"]
[WhiteElo "2120"]
[BlackElo "2330"]
[PlyCount "178"]

1. e4 c5 2. Nf3 e6 3. Qe2 Nc6 4. g3 g6 5. Bg2 Bg7 6. c3 Nge7 7. O-O d6 8. Rd1
O-O 9. d4 cxd4 10. cxd4 d5 11. e5 a6 12. Bf4 Bd7 13. Nbd2 Qb6 14. Nb3 Rfc8 15.
Qd2 Be8 16. Bg5 Bf8 17. Rdc1 a5 18. Bh3 a4 19. Bh6 Qb4 20. Qf4 Nf5 21. Bxf8
Qxf8 22. Nbd2 Nb4 23. Bxf5 exf5 24. Rc3 b5 25. h4 a3 26. Rxa3 Rxa3 27. bxa3 Nc2
28. Rd1 Nxa3 29. h5 Rc2 30. hxg6 hxg6 31. Kg2 Nc4 32. Nxc4 Rxc4 33. Rh1 Qg7 34.
Ng5 Rc8 35. Rh7 Qxh7 36. Nxh7 Kxh7 37. Qh4+ Kg8 38. Qe7 Ra8 39. Kf3 Bc6 40. e6
Be8 41. Kf4 fxe6 42. Kg5 Bf7 43. Kh6 Re8 44. Qf6 Kf8 45. a3 e5 46. Qd6+ Kg8 47.
dxe5 Re6 48. Qd8+ Re8 49. Qf6 Kf8 50. Qd6+ Kg8 51. f4 Re6 52. Qb8+ Be8 53. Qd8
Kf7 54. Qxd5 Ke7 55. Qc5+ Kf7 56. Kg5 Bd7 57. Qa7 Ke7 58. Qb8 Be8 59. g4 fxg4
60. Kxg4 Bd7 61. Kg5 Be8 62. Qc7+ Bd7 63. Qc5+ Kd8 64. Qf8+ Kc7 65. Qc5+ Kb7
66. Kh4 Kb8 67. Kg3 Kb7 68. Kf3 Ra6 69. Qe7 Kc7 70. Ke4 Re6 71. Qc5+ Bc6+ 72.
Kd4 Kb7 73. Qf8 Bd7 74. Kd5 Ra6 75. Qe7 Kc7 76. e6 Rxe6 77. Qxe6 Bxe6+ 78. Kxe6
Kb6 79. Kf6 Ka5 80. Kxg6 Ka4 81. f5 Kxa3 82. f6 b4 83. f7 b3 84. f8=Q+ Ka2 85.
Qf7 Ka3 86. Qa7+ Kb2 87. Kf5 Kc2 88. Qc5+ Kd2 89. Qb4+ Kc2 1-0

[Event "LYM - Open Général"]
[Site "Lausanne - Hôtel Alpha Palmier"]
[Date "2003.09.22"]
[Round "6"]
[White "Borovikov, Vladislav"]
[Black "Palac, Mladen"]
[Result "1/2-1/2"]
[WhiteElo "2590"]
[BlackElo "2561"]
[PlyCount "36"]

1. d4 Nf6 2. Nf3 e6 3. c4 b6 4. Nc3 Bb7 5. a3 d5 6. cxd5 Nxd5 7. Bd2 Be7 8. Qc2
O-O 9. e4 Nxc3 10. Bxc3 Nd7 11. Rd1 Rc8 12. Bc4 Nf6 13. Bd3 c5 14. dxc5 Rxc5
15. e5 Nd5 16. Bxh7+ Kh8 17. Be4 Qa8 18. Bxd5 Bxd5 1/2-1/2

[Event "LYM - Open Général"]
[Site "Lausanne - Hôtel Alpha Palmier"]
[Date "2003.09.22"]
[Round "6"]
[White "Starostits, Ilmars"]
[Black "Milov, Vadim"]
[Result "0-1"]
[WhiteElo "2431"]
[BlackElo "2595"]
[PlyCount "94"]

1. e4 c5 2. Nc3 e6 3. g3 a6 4. a4 d5 5. d3 d4 6. Nb1 Nc6 7. Bg2 e5 8. f4 Bd6 9.
Nf3 h5 10. f5 g6 11. O-O Nf6 12. Nbd2 Nh7 13. Nc4 Bc7 14. Bh6 Rg8 15. fxg6 fxg6
16. Nh4 Be6 17. Bf3 Kd7 18. Bg2 Qe8 19. Bd2 Qe7 20. c3 b5 21. axb5 axb5 22.
Rxa8 Rxa8 23. Nxg6 Qg7 24. Qxh5 bxc4 25. Bh6 Qg8 26. dxc4 Bd6 27. cxd4 cxd4 28.
c5 Bc7 29. b4 Rb8 30. Bd2 Kc8 31. Bh3 Bxh3 32. Qxh3+ Kb7 33. b5 Qxg6 34. Qd7
Na7 35. c6+ Kb6 36. Ba5+ Kxa5 37. Qxc7+ Kb4 38. Rb1+ Kc4 39. Rc1+ Kb3 40. Qxe5
Qg5 41. Rb1+ Kc2 42. Qxb8 Qe3+ 43. Kf1 Qf3+ 44. Kg1 Ng5 45. h4 Qe3+ 46. Kg2
Qe2+ 47. Kh1 Nf3 0-1

[Event "LYM - Open Général"]
[Site "Lausanne - Hôtel Alpha Palmier"]
[Date "2003.09.22"]
[Round "6"]
[White "Savchenko, Stanislav"]
[Black "Huss, Andreas"]
[Result "1-0"]
[WhiteElo "2560"]
[BlackElo "2331"]
[PlyCount "89"]

1. d4 e6 2. c4 Nf6 3. g3 d5 4. Nf3 Be7 5. Bg2 O-O 6. O-O Nbd7 7. Qd3 c6 8. Nc3
b6 9. Rd1 Ba6 10. b3 b5 11. c5 Qa5 12. Qc2 b4 13. Na4 Bb5 14. Nb2 Qd8 15. Nd3
a5 16. a3 bxa3 17. Rxa3 Ne4 18. Bf4 g5 19. Bd2 Nxd2 20. Qxd2 g4 21. Nfe5 Nxe5
22. Nxe5 Bg5 23. e3 h5 24. Bf1 Bxf1 25. Rxf1 Qc7 26. Rfa1 f6 27. Nd3 Rab8 28.
Qc3 Rb7 29. Rxa5 h4 30. Nf4 Bxf4 31. exf4 Rfb8 32. Ra8 h3 33. Qe3 Kf7 34. Rxb8
Qxb8 35. Re1 Qc8 36. f3 f5 37. fxg4 fxg4 38. Qe5 Rxb3 39. f5 exf5 40. Qe7+ Kg8
41. Qg5+ Kf8 42. Qf6+ Kg8 43. Re7 Rb1+ 44. Kf2 Rb2+ 45. Ke1 1-0

[Event "LYM - Open Général"]
[Site "Lausanne - Hôtel Alpha Palmier"]
[Date "2003.09.22"]
[Round "6"]
[White "Rainfray, Arnaud"]
[Black "Kveinys, Aloyzas"]
[Result "0-1"]
[WhiteElo "2409"]
[BlackElo "2525"]
[PlyCount "56"]

1. e4 c5 2. Nf3 Nc6 3. Bb5 g6 4. Bxc6 dxc6 5. d3 Bg7 6. h3 Nf6 7. Nc3 Nd7 8.
Be3 e5 9. Qd2 h6 10. Nh2 Qe7 11. Ne2 Nf8 12. O-O-O Ne6 13. f4 exf4 14. Nxf4 b6
15. Kb1 Bd7 16. Rdf1 O-O-O 17. Ng4 Nd4 18. Rf2 c4 19. Ne2 Nxe2 20. Qxe2 f5 21.
Nh2 Rhe8 22. Bc1 cxd3 23. Qxd3 Kb7 24. exf5 Bxf5 25. Qb3 Rd5 26. g4 Rb5 27. Qc4
Rb4 28. Qf1 Qe5 0-1

[Event "LYM - Open Général"]
[Site "Lausanne - Hôtel Alpha Palmier"]
[Date "2003.09.22"]
[Round "6"]
[White "Lamoureux, Charles"]
[Black "Gallagher, Joseph"]
[Result "0-1"]
[WhiteElo "2388"]
[BlackElo "2520"]
[PlyCount "106"]

1. e4 c5 2. Nf3 d6 3. d4 cxd4 4. Nxd4 Nf6 5. Nc3 a6 6. Be2 e5 7. Nb3 Be7 8. O-O
O-O 9. Be3 Be6 10. Qd2 Nbd7 11. a4 Rc8 12. a5 Qc7 13. Rfd1 Rfe8 14. Qe1 h6 15.
h3 Qc6 16. Bf3 Ra8 17. Rd2 Bc4 18. Qd1 Rec8 19. Ra4 Qc7 20. Be2 Be6 21. Ra1 Qd8
22. Qe1 Rc6 23. Nc1 Rac8 24. Bf3 b5 25. axb6 Nxb6 26. Bxb6 Qxb6 27. Nd3 Qb7 28.
Qe2 Bc4 29. Nd5 Bd8 30. Ne3 Be6 31. c3 a5 32. Ng4 Nd7 33. Ne3 Nf6 34. Ng4 Bxg4
35. Bxg4 Rb8 36. Bf3 Nd7 37. Qd1 Nb6 38. Nxe5 Rcc8 39. Rxd6 Bc7 40. Bh5 Rf8 41.
Nxf7 Qxe4 42. Rd4 Qf5 43. Qg4 Rxf7 44. Bxf7+ Qxf7 45. Rxa5 Rf8 46. Qe2 Nc8 47.
Rad5 Bb6 48. Rd2 Re8 49. Qc4 Nd6 50. Qh4 Ne4 51. Rd7 Qf5 52. R2d5 Qe6 53. Rd3
Nxf2 0-1

[Event "LYM - Open Général"]
[Site "Lausanne - Hôtel Alpha Palmier"]
[Date "2003.09.22"]
[Round "6"]
[White "Ballmann, Martin"]
[Black "Meijers, Viesturs"]
[Result "0-1"]
[WhiteElo "2422"]
[BlackElo "2483"]
[PlyCount "84"]

1. d4 Nf6 2. Nf3 e6 3. c3 b6 4. Bg5 Bb7 5. e3 Be7 6. Bd3 d5 7. Ne5 Nfd7 8. Bxe7
Qxe7 9. f4 Nxe5 10. fxe5 Nd7 11. Nd2 f6 12. O-O O-O 13. exf6 Rxf6 14. Rxf6 gxf6
15. Qe1 Qg7 16. Qh4 Kh8 17. Rf1 Rg8 18. Qh3 f5 19. Rf3 Qg4 20. Qxg4 Rxg4 21.
Rf4 Rg8 22. Nf3 a6 23. Kf2 c5 24. Rh4 c4 25. Bc2 Bc8 26. Rh6 Nf8 27. Ne5 Kg7
28. Rh3 Ng6 29. g4 fxg4 30. Rh5 Nxe5 31. dxe5 Rf8+ 32. Kg1 Rf5 33. Rxf5 exf5
34. Kf2 Kg6 35. Kg3 Kg5 36. Bd1 h5 37. h4+ gxh3 38. Bf3 Be6 39. Bh1 h4+ 40. Kh2
f4 41. e4 dxe4 42. Bxe4 Kg4 0-1

[Event "LYM - Open Général"]
[Site "Lausanne - Hôtel Alpha Palmier"]
[Date "2003.09.22"]
[Round "6"]
[White "Wells, Peter K."]
[Black "Patuzzo, Fabrizio"]
[Result "1-0"]
[WhiteElo "2481"]
[BlackElo "2325"]
[PlyCount "99"]

1. d4 d5 2. c4 c6 3. Nc3 Nf6 4. e3 a6 5. Qc2 Bg4 6. h3 Bh5 7. Qb3 Ra7 8. cxd5
cxd5 9. g4 Bg6 10. g5 Ne4 11. Qxd5 Qxd5 12. Nxd5 Nxg5 13. Nc3 e5 14. Bg2 b5 15.
dxe5 b4 16. Nd5 Nd7 17. h4 Ne4 18. f3 Nec5 19. e4 h5 20. Be3 Nxe5 21. Ke2 f5
22. Bxc5 Bxc5 23. Rc1 Nd7 24. e5 O-O 25. f4 Re8 26. Nf3 Bf8 27. Rhd1 Nc5 28.
Ng5 Rb8 29. Ne3 Kh8 30. Rd4 Be7 31. Rdc4 Bxg5 32. hxg5 Ne6 33. Bd5 Re7 34. Bxe6
Rxe6 35. Ng2 Be8 36. Rc8 Rxc8 37. Rxc8 Kh7 38. Nh4 g6 39. Ke3 Bc6 40. Rb8 Bd5
41. b3 Rc6 42. Rxb4 Kg7 43. Rb7+ Kg8 44. Rd7 Be4 45. Kd4 Rc2 46. e6 Bc6 47. Rc7
Rd2+ 48. Ke5 Rh2 49. Rxc6 Rxh4 50. Kf6 1-0

[Event "LYM - Open Général"]
[Site "Lausanne - Hôtel Alpha Palmier"]
[Date "2003.09.22"]
[Round "6"]
[White "Kritz, Leonid"]
[Black "Vianin, Pascal"]
[Result "1-0"]
[WhiteElo "2522"]
[BlackElo "2120"]
[PlyCount "55"]

1. Nf3 Nf6 2. b3 d5 3. Bb2 c5 4. e3 Nc6 5. Bb5 Bd7 6. O-O a6 7. Bxc6 Bxc6 8.
Ne5 e6 9. Nxc6 bxc6 10. Nc3 Bd6 11. d3 Nd7 12. Na4 O-O 13. c4 Qe7 14. Rc1 e5
15. cxd5 cxd5 16. e4 d4 17. Qd2 f5 18. f3 fxe4 19. dxe4 Rf6 20. Rc2 Rh6 21. Ba3
Rc8 22. Qd3 Qh4 23. g3 Qh5 24. Qxa6 Rf8 25. Qb7 d3 26. Qd5+ Kh8 27. Qxd3 c4 28.
bxc4 1-0

[Event "LYM - Open Général"]
[Site "Lausanne - Hôtel Alpha Palmier"]
[Date "2003.09.22"]
[Round "6"]
[White "Aronian, Levon"]
[Black "Jacot, Laurent"]
[Result "1-0"]
[WhiteElo "2649"]
[BlackElo "2216"]
[PlyCount "38"]

1. e4 c5 2. Nc3 Nc6 3. Bb5 Nd4 4. Ba4 a6 5. Bb3 e6 6. Nf3 Nxb3 7. axb3 Ne7 8.
d4 cxd4 9. Nxd4 Nc6 10. Ndb5 d6 11. Bf4 e5 12. Nd5 axb5 13. Rxa8 exf4 14. Qd3
Be7 15. Qxb5 O-O 16. Rxc8 Qxc8 17. Qxc6 Qe6 18. Qxb7 Qxe4+ 19. Kf1 Kh8 1-0

[Event "LYM - Open Général"]
[Site "Lausanne - Hôtel Alpha Palmier"]
[Date "2003.09.22"]
[Round "6"]
[White "Pähtz, Thomas"]
[Black "Meylan, Pierre"]
[Result "1-0"]
[WhiteElo "2441"]
[BlackElo "2140"]
[PlyCount "85"]

1. e4 c6 2. d4 d5 3. exd5 cxd5 4. c4 Nf6 5. Nc3 g6 6. cxd5 Bg7 7. Qb3 O-O 8.
Be2 Nbd7 9. Bf3 Nb6 10. Nge2 Bf5 11. Bf4 Qd7 12. O-O Rfd8 13. d6 exd6 14. h3 h5
15. Rfd1 d5 16. Bg5 Bg4 17. Bxg4 hxg4 18. h4 Re8 19. a4 Ne4 20. a5 Nc4 21. Nxe4
Rxe4 22. Nc3 Rxd4 23. Rxd4 Bxd4 24. Rd1 Nxa5 25. Qa2 Bxc3 26. bxc3 Nc6 27. Rxd5
Qe6 28. Qd2 Re8 29. Kh2 Ne5 30. Bf4 f6 31. Bxe5 fxe5 32. Rd6 Qf7 33. Qg5 Re6
34. Rd8+ Kg7 35. Kg3 Qc7 36. h5 Qxc3+ 37. Kxg4 Qb4+ 38. Kh3 Qe7 39. Qd2 Qa3+
40. f3 Re7 41. Qg5 Re6 42. h6+ Kh7 43. Rd7+ 1-0

[Event "LYM - Open Général"]
[Site "Lausanne - Hôtel Alpha Palmier"]
[Date "2003.09.22"]
[Round "7"]
[White "Gallagher, Joseph"]
[Black "Savchenko, Stanislav"]
[Result "1/2-1/2"]
[WhiteElo "2520"]
[BlackElo "2560"]
[PlyCount "71"]

1. e4 c5 2. Nf3 d6 3. d4 cxd4 4. Nxd4 Nf6 5. Nc3 a6 6. Be3 e5 7. Nb3 Be6 8. f3
Nbd7 9. Qd2 b5 10. a4 b4 11. Nd5 Bxd5 12. exd5 Nb6 13. Bxb6 Qxb6 14. a5 Qb7 15.
Bc4 g6 16. Ra4 Rb8 17. Nc1 h5 18. Na2 Bh6 19. Qd3 e4 20. Qd4 Qe7 21. Kd1 O-O
22. Rxb4 exf3 23. gxf3 Nd7 24. c3 Ne5 25. Be2 Rbe8 26. Bxa6 Nxf3 27. Qf2 Qg5
28. Kc2 Qf5+ 29. Bd3 Qxd5 30. Rb5 Nd4+ 31. Qxd4 Qxh1 32. Nb4 Re1 33. Kb3 Qxh2
34. a6 Be3 35. Qd5 Rd1 36. Qe4 1/2-1/2

[Event "LYM - Open Général"]
[Site "Lausanne - Hôtel Alpha Palmier"]
[Date "2003.09.22"]
[Round "7"]
[White "Palac, Mladen"]
[Black "Aronian, Levon"]
[Result "1/2-1/2"]
[WhiteElo "2561"]
[BlackElo "2649"]
[PlyCount "74"]

1. e4 e5 2. Nf3 Nc6 3. Bb5 a6 4. Ba4 Nf6 5. O-O Be7 6. Re1 b5 7. Bb3 O-O 8. a4
b4 9. d4 d6 10. dxe5 Nxe5 11. Nxe5 dxe5 12. Qe2 Qd4 13. Nd2 Bb7 14. Kh1 a5 15.
f3 Rfd8 16. Nc4 Ba6 17. Be3 Bxc4 18. Bxc4 Qd7 19. Red1 Qe8 20. Bb5 c6 21. Bc4
Nd7 22. Qf2 Qf8 23. Qg3 Kh8 24. Rd2 Bc5 25. Bxc5 Nxc5 26. Rxd8 Rxd8 27. Qxe5
Nxa4 28. b3 Nb6 29. Bd3 f6 30. Qc7 Nd7 31. Qxc6 Ne5 32. Qb5 Qd6 33. Rxa5 h6 34.
Qb7 Nxd3 35. Rd5 Qf4 36. Rxd8+ Kh7 37. h3 Qc1+ 1/2-1/2

[Event "LYM - Open Général"]
[Site "Lausanne - Hôtel Alpha Palmier"]
[Date "2003.09.22"]
[Round "7"]
[White "Habibi, Ali"]
[Black "Starostits, Ilmars"]
[Result "1-0"]
[WhiteElo "2277"]
[BlackElo "2431"]
[PlyCount "139"]

1. c4 e5 2. g3 Nc6 3. Bg2 g6 4. Nc3 d6 5. Rb1 Bg7 6. d3 f5 7. Nd5 Nd4 8. e3 Ne6
9. Ne2 c6 10. Ndc3 Nf6 11. b4 O-O 12. d4 e4 13. h4 d5 14. cxd5 cxd5 15. a4 a6
16. Qb3 Rf7 17. Bd2 Rc7 18. Bf1 b6 19. b5 a5 20. Rc1 Bb7 21. Na2 Rac8 22. Rxc7
Rxc7 23. Nec3 h6 24. Bh3 Kh7 25. h5 Nxh5 26. Bxf5 Nxg3 27. Bxe6 Nxh1 28. Bxd5
Qg5 29. Bg8+ Kh8 30. Nd1 Qg1+ 31. Ke2 Bc8 32. Be6 Rf7 33. Be1 Rf8 34. Nac3 Bb7
35. Bd5 Qg4+ 36. Kd2 Bxd5 37. Qxd5 g5 38. Qc6 h5 39. Nxe4 Kh7 40. Nec3 Rf3 41.
Qxb6 h4 42. Qc7 h3 43. Ne2 Qg2 44. b6 h2 45. b7 Nxf2 46. Nxf2 Rxf2 47. Bxf2
h1=Q 48. Qc2+ Kh6 49. b8=Q Qxf2 50. Qd6+ Qf6 51. Qxf6+ Bxf6 52. Qf5 Qc6 53.
Qxa5 Qf3 54. Qc7 Qd5 55. Qh2+ Kg6 56. Nc3 Qb7 57. Qd6 Qg2+ 58. Ne2 Qb7 59. Qe6
Qb2+ 60. Ke1 Qa1+ 61. Kf2 Qxa4 62. e4 Kg7 63. e5 Bd8 64. Qd6 Qe8 65. Ng3 Qf7+
66. Kg2 g4 67. Qc6 Qa2+ 68. Kg1 Qb1+ 69. Kh2 Bh4 70. Qd7+ 1-0

[Event "LYM - Open Général"]
[Site "Lausanne - Hôtel Alpha Palmier"]
[Date "2003.09.22"]
[Round "7"]
[White "Milov, Vadim"]
[Black "Wells, Peter K."]
[Result "1/2-1/2"]
[WhiteElo "2595"]
[BlackElo "2481"]
[PlyCount "123"]

1. d4 Nf6 2. c4 e6 3. Nc3 Bb4 4. e3 b6 5. f3 Nh5 6. Nh3 f5 7. Bd2 O-O 8. Qc2
Qh4+ 9. g3 Qe7 10. O-O-O Bb7 11. Be2 d6 12. Rhg1 Nf6 13. Rdf1 e5 14. a3 Bxc3
15. Bxc3 c5 16. d5 b5 17. f4 Nbd7 18. g4 bxc4 19. gxf5 Bxd5 20. Ng5 exf4 21.
exf4 Rae8 22. Re1 Qe3+ 23. Kb1 Qxf4 24. Ka1 Ne5 25. Qd1 Kh8 26. h3 h6 27. Ref1
Qe3 28. h4 Nd3 29. Bf3 Bxf3 30. Rxf3 Qe2 31. Qxe2 Rxe2 32. Ne6 Rf7 33. Rfg3 Nh5
34. Rg6 Ne5 35. Nd8 Rd7 36. Bxe5 Rxe5 37. Rxd6 Rxd6 38. Nf7+ Kh7 39. Nxd6 Rd5
40. Nb5 a5 41. Rg4 Rxf5 42. Rxc4 Nf6 43. Nd6 Rd5 44. Nb7 g5 45. hxg5 hxg5 46.
Nxc5 g4 47. Ne4 Nxe4 48. Rxe4 Rg5 49. Ka2 g3 50. Re1 g2 51. Rg1 Kg6 52. b4 axb4
53. axb4 Kf5 54. Kb3 Ke4 55. Kc4 Kf3 56. b5 Kf2 57. Rxg2+ Rxg2 58. b6 Ke3 59.
Kc5 Rb2 60. Kc6 Kd4 61. b7 Rxb7 62. Kxb7 1/2-1/2

[Event "LYM - Open Général"]
[Site "Lausanne - Hôtel Alpha Palmier"]
[Date "2003.09.22"]
[Round "7"]
[White "Meijers, Viesturs"]
[Black "Pähtz, Thomas"]
[Result "1/2-1/2"]
[WhiteElo "2483"]
[BlackElo "2441"]
[PlyCount "71"]

1. e4 c5 2. Nf3 d6 3. d4 cxd4 4. Nxd4 Nf6 5. Nc3 a6 6. Be2 e5 7. Nb3 Bd7 8. Bg5
Bc6 9. Bxf6 Qxf6 10. O-O Nd7 11. Nd5 Qd8 12. Qd3 Be7 13. Rfd1 Nf6 14. Nxf6+
Bxf6 15. Bf3 Be7 16. Nd2 O-O 17. Nc4 Bb5 18. a4 Bxc4 19. Qxc4 Qb6 20. a5 Qc6
21. Qb3 Rac8 22. c3 Rc7 23. Ra4 Rb8 24. Rb4 b5 25. axb6 Rcb7 26. Qa4 Qxa4 27.
Rxa4 Rxb6 28. b4 Rc6 29. Ra3 Rbc8 30. Rd3 g6 31. g3 Bg5 32. Be2 Bc1 33. Ra2
Rxc3 34. Rxc3 Rxc3 35. Rxa6 Bg5 36. Rxd6 1/2-1/2

[Event "LYM - Open Général"]
[Site "Lausanne - Hôtel Alpha Palmier"]
[Date "2003.09.22"]
[Round "7"]
[White "Mamedjarova, Zeinab"]
[Black "Kritz, Leonid"]
[Result "0-1"]
[WhiteElo "2372"]
[BlackElo "2522"]
[PlyCount "127"]

1. d4 Nf6 2. c4 e6 3. Nf3 Bb4+ 4. Bd2 c5 5. Bxb4 cxb4 6. Nbd2 O-O 7. e3 d6 8.
Bd3 b6 9. O-O Bb7 10. Rc1 Re8 11. Qc2 Nbd7 12. Ne4 Qe7 13. Nfg5 h6 14. Nxf6+
Nxf6 15. Ne4 Rac8 16. Qb1 Rc7 17. Nxf6+ Qxf6 18. Be4 Ba6 19. b3 Rec8 20. Rfd1
Qe7 21. h3 b5 22. cxb5 Bxb5 23. Rxc7 Qxc7 24. Rd2 Qc1+ 25. Qxc1 Rxc1+ 26. Kh2
f5 27. Rc2 Ra1 28. Bf3 a5 29. Kg3 Kf7 30. h4 Kf6 31. Bb7 Be8 32. Ba6 Bg6 33.
Rc6 d5 34. Bc8 Bf7 35. Ra6 Rxa2 36. Bd7 g5 37. hxg5+ hxg5 38. Ba4 f4+ 39. exf4
gxf4+ 40. Kxf4 Rxf2+ 41. Ke3 Rxg2 42. Rxa5 Rg3+ 43. Ke2 Bh5+ 44. Kd2 Rg4 45.
Ke3 Re4+ 46. Kd3 Be2+ 47. Kd2 Bf1 48. Ra7 Rxd4+ 49. Ke3 Re4+ 50. Kf2 Bh3 51.
Rb7 Ke5 52. Be8 Rf4+ 53. Kg3 Bf5 54. Bh5 Rd4 55. Be2 Bc2 56. Bg4 Kf6 57. Rb6
Re4 58. Bf3 Rd4 59. Bg4 Bf5 60. Be2 Ke5 61. Rb7 Ke4 62. Rb6 Ke3 63. Bf3 Kd2 64.
Rc6 0-1

[Event "LYM - Open Général"]
[Site "Lausanne - Hôtel Alpha Palmier"]
[Date "2003.09.22"]
[Round "7"]
[White "Ermeni, Avni"]
[Black "Ballmann, Martin"]
[Result "0-1"]
[WhiteElo "2237"]
[BlackElo "2422"]
[PlyCount "82"]

1. e4 c5 2. Nf3 d6 3. Bb5+ Bd7 4. Bxd7+ Nxd7 5. O-O g6 6. Re1 Bg7 7. d3 Ngf6 8.
Nbd2 Ne5 9. Nxe5 dxe5 10. Nc4 Qc7 11. a4 O-O 12. Bg5 Ne8 13. Qd2 Nd6 14. Ne3 e6
15. Ng4 f6 16. Bh6 Nf7 17. Bxg7 Kxg7 18. Qc3 h5 19. Ne3 Nd6 20. Kh1 Rac8 21. b3
b6 22. Rg1 Nf7 23. Raf1 h4 24. g3 Rh8 25. Qd2 Rh7 26. f4 hxg3 27. Rxg3 exf4 28.
Rxf4 g5 29. Rff3 Rch8 30. Rg2 Ne5 31. Rff2 Ng6 32. Ng4 Nf4 33. Qc3 Rf8 34. Rg3
Ne2 35. Rxe2 Qxg3 36. Rg2 Qf4 37. e5 Qf1+ 38. Rg1 Qf3+ 39. Rg2 f5 40. Nf6 Qf1+
41. Rg1 Rxh2+ 0-1

[Event "LYM - Open Général"]
[Site "Lausanne - Hôtel Alpha Palmier"]
[Date "2003.09.22"]
[Round "7"]
[White "Duratti, Lindo"]
[Black "Rainfray, Arnaud"]
[Result "1/2-1/2"]
[WhiteElo "2173"]
[BlackElo "2409"]
[PlyCount "36"]

1. e4 e5 2. Nf3 Nc6 3. d4 exd4 4. Nxd4 Bc5 5. Nxc6 Qf6 6. Qd2 dxc6 7. Bd3 Ne7
8. O-O O-O 9. Qf4 Qxf4 10. Bxf4 Bb6 11. Nd2 Ng6 12. Bg3 Bd4 13. Rab1 Be6 14.
Bc4 Bb6 15. Bxe6 fxe6 16. Nf3 h6 17. Rbd1 Rad8 18. Rfe1 Kh7 1/2-1/2

[Event "LYM - Open Général"]
[Site "Lausanne - Hôtel Alpha Palmier"]
[Date "2003.09.22"]
[Round "7"]
[White "Berset, Philippe"]
[Black "Lamoureux, Charles"]
[Result "1/2-1/2"]
[WhiteElo "2193"]
[BlackElo "2388"]
[PlyCount "44"]

1. c4 g6 2. g3 Bg7 3. Bg2 e5 4. Nc3 d6 5. d3 Nd7 6. e4 Ne7 7. Nge2 O-O 8. O-O
Nc5 9. Nd5 c6 10. Nxe7+ Qxe7 11. b4 Ne6 12. Rb1 f5 13. exf5 gxf5 14. f4 Kh8 15.
Kh1 Qe8 16. Bb2 Bd7 17. Qc2 Qh5 18. c5 Rf6 19. Bf3 Qh3 20. Bg2 Qh5 21. Bf3 Qh3
22. Bg2 Qh5 1/2-1/2